[Event "ARM-ROW m"]
[Site "Moscow"]
[Date "2004.06.10"]
[Round "1"]
[White "Kasparov, Garry"]
[Black "Van Wely, Loek"]
[Result "1-0"]
[WhiteElo "2817"]
[BlackElo "2651"]
[Annotator "Ribli,Z"]
[PlyCount "65"]
[EventDate "2004.06.10"]
[EventType "team"]
[EventRounds "6"]
[EventCountry "RUS"]
[SourceTitle "CBM 102"]
[Source "ChessBase"]
[SourceDate "2004.09.23"]
[SourceVersion "1"]
[SourceVersionDate "2004.09.23"]
[SourceQuality "1"]
[WhiteTeam "Armenia"]
[BlackTeam "Rest of the World"]
[WhiteTeamCountry "ARM"]

1. Nf3 Nf6 2. c4 c5 3. Nc3 Nc6 4. d4 cxd4 5. Nxd4 e6 6. a3 {Dieser Zug ist
sehr populär in letzter Zeit - Weiß verhindert die Fesselungsmöglichkeit Bb4.}
Nxd4 7. Qxd4 b6 8. Qf4 $5 {Das ist die beste Fortsetzung für Weiß - die Dame
strebt nach g3.} Be7 (8... Ba6 9. e4 Rc8 10. e5 Ng8 11. b3 f5 12. h4 d6 13. Bb2
Qc7 14. c5 Bxf1 15. cxd6 {1-0 Krasenkow,M-Macieja,B/Warsaw POL 2004/(42)}) (
8... Bb7 9. e4 d6 10. Bd3 $5 (10. Be2 Be7 11. O-O O-O 12. Rd1 a6 13. e5 (13. b3
$142) 13... dxe5 14. Qxe5 Qc8 15. Be3 Bc6 16. Qg3 Qb7 17. Bh6 Ne8 18. Bf4 Bf6
19. Rac1 b5 20. b4 {0-1 Chuchelov,V-Georgiev,K/Mainz 2002/CBM 89 ext (46)})
10... Nd7 $5 (10... Be7 11. Qg3 $1 O-O 12. Bh6 Ne8 13. Bd2 $14 a6 14. O-O Nf6
15. Bh6 Ne8 16. Be3 Nf6 17. Bh6 Ne8 18. Rae1 Bf6 19. Bd2 Bc6 20. Rc1 Rb8 21.
Rfd1 Qe7 22. b4 {1-0 Zvjaginsev,V-Balashov,Y/Togliatti 2003/CBM 94 ext (36)})
11. Qg3 a6 12. O-O g6 (12... Qc7 13. Be3 g6 $6 {Dieser Zug gefällt mir nicht -
es wäre besser 13...Ne5 zu spielen.} 14. Bd4 $1 $14 {1-0 Vallejo Pons,
F-Karjakin,S/Dos Hermanas 2003/CBM 95/[Ribli] (37)}) 13. Bf4 (13. Rd1) 13...
Qc7 (13... h5 $5 14. Rfd1 h4 $13) 14. Bc2 (14. Rad1 $5) 14... h5 $5 {0-1
Lautier,J-Topalov,V/Cannes 2002/CBM 88/[Ribli] (41)}) (8... d6 9. e4 Nd7 10.
Qg3 Ba6 $2 {Schwarz zielt den c4-Bauern, aber er hat Schwerigkeiten mit der
Entwicklung des Koenigsfluegels.} (10... a6 $142 11. b4 $140 Bb7 12. Bb2 Rc8
13. Rd1 Ne5 $132) 11. Bg5 $1 Qc7 12. Rc1 Rc8 13. Be2 {1-0 Avrukh,B-Sutovsky,E/
Tel Aviv 2002/CBM 93/[Avrukh,B] (42) 1-0}) 9. e4 d6 10. Qg3 O-O 11. Bh6 {
Weiß möchte die schwarze Figurenkoordination stören.} Ne8 (11... Nh5 $2 12. Qg4
Bf6 13. Qxh5 gxh6 14. Qxh6 $16) 12. Bf4 (12. Bd2 Nf6 13. Bh6 (13. Bd3) 13...
Ne8 14. Bd2 {1/2-1/2 Nogueiras,J-Hansen,C/Istanbul 2000/EXT 2001 (14)}) 12...
Bb7 (12... e5 13. Bd2 f5 14. Qd3 Be6 15. exf5 Bxf5 16. Qe3 Nf6 17. Be2 Rc8 18.
O-O {1-0 Nogueiras,J-Caceres Cortes,J/Montreal 2002/CBM 89 ext (28)}) 13. Rd1 {
[%cal Gd1d6] Der Pd6 ist der Zielpunkt des weißen Spiels.} Bh4 14. Qh3 (14. Qg4
) 14... Qf6 (14... Bg5 15. Bxg5 Qxg5 16. Qg3 $14) 15. Be3 (15. Bg3 Bg5) 15...
Bg5 16. Be2 (16. Bxg5 Qxg5 17. Qg3 $14) 16... Bxe3 17. Qxe3 $14 {Weiß
kontrolliert mehr Raum und hat kleinen Positionsvorteil - der d6P ist immer
eine Schwächung der schwarzen Stellung.} Qe7 18. O-O Nf6 {Endlich befindet
sich der schwarze Springer auf seinem natürlichen Platz.} 19. Rd2 {[%cal Gf1d1,
Gd1d6][%mdl 32] Weiß spielt sehr logisch - zuerst möchte er seine Türme auf
der d-Linie verdoppeln und den d6-Bauern angreifen.} Rfd8 20. Rfd1 Bc6 21. f4
h5 $6 {Dieser Zug gefällt mir nicht, denn Schwarz schwächt von selbst seine
Königsstellung.} (21... Rac8 $14) 22. Bf3 {[%cal Gf3c6,Ge4e5] Die weiße
Drohung ist 23.e5 - mit Materialgewinn.} Qc7 23. h3 {[%cal Gg2g4] Schwarz muss
nun immer mit g2-g4 rechnen.} e5 24. f5 h4 25. Qf2 {[%csl Rh4][%cal Rf2h4]} Bb7
26. Nb5 $1 (26. b3 a6 $132 {[%cal Gb6b5]}) 26... Qxc4 27. Nxd6 Qc7 28. Qxh4 $16
{Weiß hat einen klaren Bauern mehr.} Bc6 {[%cal Gc6a4,Ga4d1] Es droht 28...Ba4.
} 29. g4 {[%mdl 128] Dieser Zug führt zu konkretem Spiel und Weiß bekommt
gefährlichen Angriff, aber 29.Rd3 war besser - mit klarem Vorteil.} (29. Rd3 $5
$16) 29... Ba4 $132 30. g5 Bxd1 31. gxf6 Rxd6 $2 (31... gxf6 $142 $1 {Nach
diesem Zug ich sehe nichts Besseres als Dauerschach für Weiß.} 32. Qxf6 (32.
Rg2+ Kf8 $17) 32... Bxf3 (32... Rxd6 33. Rxd6 Bxf3 34. Qg5+ Kf8 35. Qh6+ Ke8
36. Qh8+ Ke7 37. Qf6+ $11) 33. Qg5+ Kf8 34. Qh6+ Ke7 35. Qg5+ $11) 32. Rg2 $18
{Interessanterweise - mit einem Turm weniger - hat Weiß überlegenen Angriff.}
g6 (32... Rxf6 33. Qxf6 Qc5+ 34. Kh2 Qf8 35. Bxd1 $18) 33. fxg6 1-0

[Event "Stepanakert Petrosian Memorial"]
[Site "Stepanakert"]
[Date "2004.03.13"]
[Round "5"]
[White "Pelletier, Yannick"]
[Black "Macieja, Bartlomiej"]
[Result "0-1"]
[WhiteElo "2587"]
[BlackElo "2653"]
[Annotator "Ribli,Z"]
[PlyCount "90"]
[EventDate "2004.03.09"]
[EventType "tourn"]
[EventRounds "9"]
[EventCountry "ARM"]
[EventCategory "13"]
[SourceTitle "CBM 100"]
[Source "ChessBase"]
[SourceDate "2004.06.01"]
[SourceVersion "1"]
[SourceVersionDate "2004.06.01"]
[SourceQuality "1"]

1. Nf3 Nf6 2. c4 c5 3. Nc3 Nc6 4. d4 {Dieser Zug ist sehr populär in der
letzten Zeit. Die Alternativen sind 4.e3 und 4.g3.} cxd4 5. Nxd4 e6 6. Ndb5 {
Heutzutage bietet die Fortsetzung 6.g3 Weiß mehr Hoffnungen auf
Eröffnungsvorteil. Dieser Zug war sehr populär ungefähr 20 Jahre früher, z.B.
Beispiel im Wettkampf Kortschnoj-Portisch, Bad Kissingen 1983.} d5 7. Bf4 e5 8.
cxd5 exf4 9. dxc6 bxc6 10. Qxd8+ Kxd8 11. O-O-O+ {Dieser Zug ist eine
Seltenheit, 11.Nd4 und 11.Rd1 sind die Hauptvarianten. Der Vorteil des
Textzugs ist, dass der König den weißen Damenflügel verteidigt, der Nachteil
ist, dass der f2-Punkt unverteidigt bleibt.} Bd7 12. Nd6 Kc7 {Das ist ein
bekanntes Motiv in dieser Variante - Schwarz opfert den f7-Bauern. Schwarz
bekommt einige Kompensation für den Bauern, aber ich bin nicht sicher, ob das
völlig korrekt ist.} (12... Ke7 13. g3 fxg3 14. hxg3 g6 $11) 13. Nxf7 Rg8 14.
Ne5 Bf5 15. Nd3 $146 (15. e3 fxe3 16. fxe3 (16. Bc4) 16... Bc5 17. Bd3 Rge8 18.
Bxf5 {1/2-1/2 Horvath,J-Schneider,A/Hungary 1989/TD (18) Ribli:}) (15. g3 Bc5
16. Nd3 Bxd3 17. Rxd3 Ng4 {[%cal Rg4f2,Rf2d3,Rf2h1]} 18. Nd1 Rad8 $5 19. gxf4
Rxd3 20. exd3 Nxf2 21. Nxf2 Bxf2 $11 {1/2-1/2 Borgo,G-Ristic,N/Cutro 2001/CBM
83/[Ribli] (55)}) 15... Ng4 {[%cal Gg4f2,Gf5d3] Schwarz droht 16...Bxd3 und 17.
..Nxf2 zu spielen.} (15... Bd6 16. g3 $14) 16. h3 Bxd3 17. hxg4 Bg6 18. g3 (18.
e3 fxe3 19. Bc4 Rh8 20. fxe3 Bc5 $44) 18... fxg3 (18... Bd6 19. gxf4 Bxf4+ 20.
e3 $16) 19. f4 $1 {[%cal Gf4f5] Weiß beschäftigt sich nicht mit dem g3-Bauern,
er möchte mit f4-f5 am Königsflügel Raum gewinnen.} Bd6 (19... h6 20. Rh3 Bd6
21. e3 $14) 20. f5 Bf7 21. Rxh7 Be5 $44 {[%csl Ge5,Gg3] Weiß hat einen Bauern
mehr, aber der e5B steht ausgezeichnet, was Schwarz Gegenspiel bietet.} 22. Bg2
Rab8 23. Kc2 $2 (23. g5 $142 $1) {[#]} 23... Bxa2 $1 $36 {[%csl Ga2,Ge5,Gg3]
[%mdl 64] Auf diese Weise gewinnt Schwarz den Bauern zurück und mit dem
Läuferpaar und dem starken g3-Bauern steht er deutlich besser.} 24. Ra1 (24.
Nxa2 $2 Rxb2+ 25. Kc1 Rxa2 $19) 24... Bb3+ 25. Kc1 Rh8 (25... Kb6 26. Ra3 (26.
Na4+ Bxa4 27. Rxa4 Kc5 $15) 26... Bc4 $15) 26. Rxh8 Rxh8 27. Kd2 (27. Rxa7+ Kb6
28. Ra3 Bf7 (28... Bg8 $5 29. Na4+ Kc7 $17) 29. Na4+ Kc7 (29... Kb5 30. Nc3+
Kb6 $11 (30... Kb4 31. Ra4+ Kb3 32. Be4 $18 {[%csl Rb3][%cal Re4c2,Rc2b3]}))
30. Nc3 Rh2 31. Ra7+ Kb6 32. Rxf7 Rxg2 $19) 27... Rh2 28. Rg1 a5 $17 {Schwarz
bringt den a-Bauern ins Spiel. Die weiße Stellung ist gefesselt und es ist
nicht leicht für Weiß aktives Gegenspiel zu finden.} 29. Kd3 a4 30. Bf3 Rh8 {
[%cal Gh8d8,Gd8d3]} 31. Ra1 Rd8+ 32. Ke3 Re8 (32... Bxc3) 33. Kd3 Rd8+ 34. Ke3
Bxc3 35. bxc3 {[%mdl 4096]} Rd1 $1 36. Ra3 (36. Rxd1 Bxd1 $19 {[%csl Ga4,Gg3]})
36... Rf1 {Die schwarze Drohung ist 37...Bd5.} 37. Bg2 Rf2 38. Bf3 Rf1 (38...
Rh2 39. Ra1 g2 40. Kf2 Rh1 41. Rxh1 gxh1=Q 42. Bxh1 a3 $19) 39. Bg2 Rc1 40. Be4
$6 (40. Kf4 Rxc3 41. e4 Rc2 42. Kxg3 Kd6 $17 {[%cal Gd6e5]}) 40... Rxc3+ 41.
Bd3 Rc1 {[%cal Rg3g2,Rg2g1]} 42. Kf3 c5 $19 {Der schwarze c-Bauern entscheidet
die Partie.} 43. Kxg3 c4 44. Be4 c3 45. Kf4 Kd6 {[%csl Ra3][%cal Rd6c5,Rc5b4,
Rb4a3]} 0-1

[Event "WchT 2nd"]
[Site "Luzern"]
[Date "1989.??.??"]
[Round "8.3"]
[White "Vaganian, Rafael A"]
[Black "Horvath, Jozsef"]
[Result "1/2-1/2"]
[WhiteElo "2585"]
[BlackElo "2505"]
[Annotator "Ribli,Z"]
[PlyCount "86"]
[EventDate "1989.10.27"]
[EventType "team-tourn"]
[EventRounds "9"]
[EventCountry "SUI"]
[SourceTitle "CBM 016"]
[Source "ChessBase"]
[SourceDate "1990.06.01"]
[SourceVersion "1"]
[SourceVersionDate "1990.06.01"]
[SourceQuality "1"]
[WhiteTeam "Soviet Union"]
[BlackTeam "Hungary"]
[WhiteTeamCountry "URS"]
[BlackTeamCountry "HUN"]

1. c4 c5 2. Nf3 Nf6 3. Nc3 Nc6 4. d4 cxd4 5. Nxd4 Qb6 6. Nb3 e6 7. g3 {7.a3!?}
Ne5 8. e4 Bb4 9. Qe2 d6 10. f4 Nc6 11. Be3 Bxc3+ {11...Qa6!? Dorelov-Huzman 
URS 1989 47/54} 12. bxc3 Qc7 13. Bg2 O-O 14. c5 d5 (14... dxc5 15. Bxc5 Rd8 16.
e5 {16.0-0 1/4  Vaganian,R-Ehlvest,J  Rotterdam WCup 1989 CBM/13} Na5 17. Qb5
Nxb3 18. axb3 Bd7 {Ftacnik,L-Sax,G  Haninge 1989 CBM/13  1/4}) 15. e5 Nd7 16.
c4 d4 17. Nxd4 Nxd4 18. Bxd4 Nxc5 19. Qe3 Na4 20. O-O Bd7 21. g4 Bc6 22. Bh3 (
22. f5 Kh8 23. fxe6 fxe6 24. Rxf8+ Rxf8 25. Rf1 Rxf1+ 26. Bxf1 b6 {Timman,
J-Sax,G  Reykjavik 1988 46/54 CBM/10}) 22... b6 23. f5 Kh8 24. Rf2 Rae8 25.
Raf1 Ba8 26. Rc1 Nc5 27. Bxc5 Qxc5 28. Qxc5 bxc5 29. Re1 Kg8 30. Rd2 f6 31.
exf6 exf5 32. Rxe8 Rxe8 33. fxg7 fxg4 34. Bxg4 Kxg7 35. Rd7+ Kf6 36. Rxh7 Rg8
37. h3 Bf3 38. Rh4 Bxg4 39. hxg4 Kg5 40. Rh5+ Kxg4 41. Rxc5 Kf3+ 42. Kf1 Rh8
43. Rf5+ Ke4 1/2-1/2

[Event "USA-ch"]
[Site "USA"]
[Date "1989.??.??"]
[Round "15"]
[White "Gurevich, Dmitry"]
[Black "De Firmian, Nick E"]
[Result "0-1"]
[WhiteElo "2490"]
[BlackElo "2595"]
[Annotator "Ribli,Z"]
[PlyCount "120"]
[EventDate "1989.11.??"]
[EventType "tourn"]
[EventRounds "15"]
[EventCountry "USA"]
[EventCategory "12"]
[SourceTitle "CBM 019"]
[Source "ChessBase"]
[SourceDate "1990.12.01"]
[SourceVersion "1"]
[SourceVersionDate "1990.12.01"]
[SourceQuality "1"]

1. d4 Nf6 2. c4 c5 3. Nf3 cxd4 4. Nxd4 Nc6 5. Nc3 e6 6. g3 Qb6 7. Nb3 Bb4 8.
Bg2 Qa6 $5 9. c5 b6 10. cxb6 $6 (10. O-O $1 Bb7 (10... bxc5 11. Be3 $1 $146 {
Eingorn-Gergiev,Kir Lvov 1984 37/(46)}) 11. Bg5 Bxc3 12. bxc3 Ne5 13. Bxb7 Qxb7
14. Bxf6 gxf6 15. Qd4 $14 {Glejzerov-Dvojris URS 1988 46/(549}) 10... axb6 11.
Bg5 (11. O-O O-O 12. Bg5 Be7 13. Nd4 Nxd4 $1 14. Qxd4 d5 15. e4 h6 $1 $10 {
Bagirov-Razuvaev URS ch 1978 26/72}) 11... Bb7 $1 12. O-O d5 13. Nd4 Nxd4 14.
Qxd4 Be7 $10 15. a4 Rc8 16. e4 $5 Rc4 17. Qd2 dxe4 18. Rfe1 (18. Rfd1) 18...
Qa5 19. Bf1 Rc8 20. Bb5+ Bc6 21. Bxf6 Bxf6 22. Qd6 Qa8 23. a5 $1 bxa5 24. Rxa5
Qb7 25. Bxc6+ (25. Ra7 Qxa7 26. Bxc6+ Rxc6 27. Qxc6+ Qd7 (27... Ke7 28. Nb5
$146) 28. Qa8+ Bd8 (28... Qd8 29. Qc6+ Qd7 30. Qa8+ $10) 29. Rd1 $146) 25...
Qxc6 26. Qxc6+ Rxc6 27. Ra8+ Bd8 28. Rd1 Ke7 29. Nxe4 Re8 30. Ra7+ Bc7 31. Rb7
Rb8 32. Rxb8 Bxb8 $15 33. Rd2 Be5 34. f4 Rc4 $1 35. Nf2 Bd4 36. Kf1 Be3 37. Re2
Bb6 38. Nd3 f6 39. Ke1 Bd4 40. Kd1 Bb6 41. Ne1 h6 42. h4 h5 43. Kd2 Kd6 44. Nc2
e5 45. Kd3 Kd5 46. b3 e4+ $1 47. Kd2 Rc7 48. Nb4+ Ke6 49. Rxe4+ Kf5 50. Rc4
Rxc4 51. bxc4 Ba5 $1 52. Kc3 Kg4 53. c5 Kxg3 54. c6 Kxh4 55. Kc4 Kg3 56. Na6 h4
57. Kb5 Bd8 58. Nc5 Bc7 59. Ne6 Bb8 60. Kb6 h3 {Ribli} 0-1

[Event "WchT 2nd"]
[Site "Luzern"]
[Date "1989.??.??"]
[Round "5.4"]
[White "Christiansen, Larry Mark"]
[Black "Tolnai, Tibor"]
[Result "1-0"]
[WhiteElo "2555"]
[BlackElo "2470"]
[Annotator "Ribli,Z"]
[PlyCount "55"]
[EventDate "1989.10.27"]
[EventType "team-tourn"]
[EventRounds "9"]
[EventCountry "SUI"]
[SourceTitle "CBM 016"]
[Source "ChessBase"]
[SourceDate "1990.06.01"]
[SourceVersion "1"]
[SourceVersionDate "1990.06.01"]
[SourceQuality "1"]
[WhiteTeam "US of America"]
[BlackTeam "Hungary"]
[WhiteTeamCountry "USA"]
[BlackTeamCountry "HUN"]

1. c4 c5 2. Nf3 Nf6 3. Nc3 Nc6 4. d4 cxd4 5. Nxd4 e6 6. g3 Qb6 7. Ndb5 Bc5 $6 (
7... d5 8. Bg2 $1 d4 9. Na4 Qa5+ 10. Bd2 Bb4 11. Nc5 $1 O-O 12. Nd3 Bxd2+ 13.
Qxd2 Qxd2+ 14. Kxd2 {Kasparov,G-Vaganian,R  Skelleftea WCup 1989 CBM/14  +/=})
(7... Ne5 $5 8. Bg2 a6 9. Qa4 Rb8 10. Be3 Bc5 11. Bxc5 Qxc5 12. Qa3 Qxa3 13.
Nxa3 d6 14. f4 Nc6 15. O-O-O {Speelman,J-Timman,J  London cs (8) 1989 CBM/15  
+/=,=}) 8. Nd6+ {8.Bg2!?,Bxg2+ 9.Kf1} Ke7 9. Nde4 Nxe4 10. Nxe4 Bb4+ 11. Bd2 d5
12. cxd5 exd5 13. Nc3 Be6 14. Bg2 Rhd8 15. O-O Kf8 16. Na4 $1 Qa5 17. Bxb4+
Qxb4 18. Rc1 Qe7 19. Nc5 {+/=} Rac8 20. Qa4 a6 21. Rfd1 Ne5 22. Qd4 Nc4 23. Nd3
Kg8 24. Nf4 h6 25. Bxd5 Bxd5 26. Nxd5 Qxe2 27. Re1 Nd2 28. Nf6+ $1 1-0

[Event "Harplinge"]
[Site "Harplinge"]
[Date "1998.08.23"]
[Round "9"]
[White "Agrest, Evgenij"]
[Black "Wedberg, Tom Birger"]
[Result "0-1"]
[WhiteElo "2545"]
[BlackElo "2475"]
[Annotator "Ribli,Z"]
[PlyCount "58"]
[EventDate "1998.08.15"]
[EventType "tourn"]
[EventRounds "9"]
[EventCountry "SWE"]
[EventCategory "12"]
[SourceTitle "CBM 067"]
[Source "ChessBase"]
[SourceDate "1998.11.30"]
[SourceVersion "2"]
[SourceVersionDate "1998.11.01"]
[SourceQuality "1"]

{[%mdl 64]} 1. Nf3 c5 2. c4 Nc6 3. d4 cxd4 4. Nxd4 e6 5. Nc3 Nf6 6. g3 Qb6 7.
Nb3 Ne5 {Diese Fortsetzung führt zu gehaltvollem Spiel mit beiderseitigen
Chancen. Ribli.} (7... Bb4) (7... d5) 8. e4 Bb4 9. Qe2 d6 10. Bd2 {[#]} (10. f4
Nc6 11. Be3 Bxc3+ 12. bxc3 Qc7 $13 {[%csl Rc3,Rc4] Das ist die andere Variante.
Weiß besitzt das Läuferpaar und Zentrumsübergewicht, während der Schwarze
keine Schwächen hat und die weißen Doppelbauern angreifen kann.}) 10... O-O 11.
O-O-O {Das ist eine sehr interessante Variante. Die lange Rochade ist dabei
für die Englische Eröffnung gar nicht typisch.} (11. Rc1 d5 (11... a5) 12. c5
Qd8 13. a3 dxe4 14. Nxe4 Bxd2+ 15. Nbxd2 Bd7 16. f4 Nxe4 17. Nxe4 Nc6 18. Bg2
e5 19. O-O exf4 20. gxf4 Nd4 21. Qf2 Nf5 22. Rcd1 Qc7 {1/2-1/2 Romero Holmes,
A-Izeta,F/ESP Team 1997 (46)}) (11. f4) 11... Bd7 (11... a5 12. f4 Nc6 $5 (
12... a4 13. fxe5 axb3 14. a3 Bxc3 15. Bxc3 dxe5 16. Bxe5 $14 {Ivanchuk,
V-Khalifman,A/Elista 1998 (48)}) 13. Be3 Qa6 14. Nb5 a4 15. Nc7 axb3 16. Nxa6
bxa2 17. Kc2 Rxa6 18. e5 (18. Bg2 e5 19. f5 Bc5 20. b3 Bd7 21. Kb2 Nd4 22. Bxd4
a1=Q+ 23. Rxa1 Bxd4+ 24. Kc2 Bxa1 {0-1 Gleizerov,E-Dvoirys,S/Cheliabinsk 1989})
18... dxe5 19. fxe5 Nxe5 20. Kb3 a1=Q 21. Rxa1 Rxa1 22. Kxb4 Bd7 $13 {Dvoirys})
(11... Nc6 $5 12. Bg2 a5 13. Be3 Qc7 14. Nb5 Qe7 15. a3 a4 16. N3d4 Bc5 17.
Nxc6 Bxe3+ 18. Qxe3 bxc6 19. Nxd6 e5 20. Rd2 Rb8 21. Rhd1 {1-0 Filippov,
V-Notkin,M/Russian Club Cup 1998 (33)}) 12. f4 Ng6 13. Bg2 Bc6 14. Rhf1 $5 {
Dieser Zug ist zwar noch nicht schlecht, aber früher oder später muß Weiß mal
den König mit Kc1-b1 aus der c-Linie nehmen.} (14. Kb1 Rac8 (14... a5 15. Be3
Qc7 16. Nb5 Bxb5 17. cxb5 a4 18. Nd4 a3 19. b6 Qe7 20. Nc2 d5 21. Qb5 Ng4 22.
Bd4 Bd6 23. e5 $18 {0-1 Kortschnoj,V-Anand,V/Paris Immopar 1991 (56)}) 15. Be1
$6 (15. h4 $1 {[%csl Rg6] Der schwarze Springer sieht auf g6 unglücklich und
kann von Weiß mit Tempo vertrieben werden.}) 15... Bxc3 (15... a5 16. h4 a4 17.
Nd4 $14) 16. Bxc3 Ba4 $132 {1-0 Smirin,I-Maryasin,B/Givatayim 1989 (65)}) 14...
Rac8 {[%cal Gc8c1] [#]} 15. g4 $2 {Es ist für mich unverständlich, daß ein so
guter Spieler wie Agrest einen solchen Fehler begehen kann.} (15. Kb1 $5 a5 $13
) (15. f5 Ne5 {[%csl Ge5]} 16. fxe6 fxe6 17. Bh3 Rfe8 $15) (15. Be3 Qa6 $15 {
[%csl Ra2,Ga6,Rc1,Rc3][%cal Gc8c1]}) 15... d5 $1 $15 {[%cal Gc8c1] Dieser
typische Zentrumdurchbruch bringt Schwarz in Vorteil.} 16. Kb1 {Jetzt ist es
zu spät. Weiß verliert Material.} (16. e5 dxc4 $1 (16... d4 $6 17. Nxd4 Bxg2
18. Qxg2 Rxc4 19. exf6 Rxd4 $13) 17. Be3 (17. exf6 cxb3 18. fxg7 Rfd8 19. axb3
(19. Be3 bxa2 20. Rxd8+ Qxd8) (19. Bxc6 bxa2 $17 {[%csl Rc1]}) 19... Bb5 $17 {
[%cal Gb5f1]}) 17... Qa6 $17 (17... Qc7 $17)) (16. cxd5 exd5 17. exd5 Bb5 $17 {
[%cal Rb5f1,Gc8c1]}) 16... dxc4 (16... Bxc3 $6 17. Bxc3 Nxe4 18. Bxe4 dxe4 19.
f5 $132) (16... dxe4 $6 17. g5 Nd7 18. Nxe4 $13) 17. Nd4 {Weiß versucht in
schwieriger Lage im Trüben zu fischen.} (17. Be3 Qc7 (17... Qa6 $17) 18. Nd2 b5
$17 {Schwarz besitzt einen Mehrbauern und eine gute Angriffsstellung.}) 17...
Qxd4 $1 (17... Nxf4 $6 18. Rxf4 (18. Bxf4 Bxc3) 18... Qxd4 19. e5 $16 {[%cal
Rf4d4,Re5f6]}) 18. Be3 (18. g5 Bxc3 19. Bxc3 Bxe4+ 20. Ka1 (20. Bxe4 Qxe4+ 21.
Qxe4 Nxe4) 20... Bd3 $17 {[%cal Rd3f1]}) (18. Nb5 Bxb5 19. Bxb4 c3 20. Rxd4
Bxe2 $17) 18... Nxf4 $17 {[%cal Rf4e2] Ein starker Zwischenzug.} 19. Rxf4 (19.
Bxf4 Qb6 $17) 19... Qe5 {Schwarz hat zwei gesunde Mehrbauern und auch der
weiße e-Bauer ist schwach.} 20. g5 {In Hoffnung auf Gegenspiel gibt Weiß einen
dritten Bauern.} (20. Qxc4 Bxc3 21. bxc3 g5 $1 (21... Bxe4+ 22. Rxe4 Qxh2 $17 (
22... Rxc4 23. Rxe5 Nxg4 $17)) 22. Rxf6 (22. Rf2 Bxe4+ $19 {[%cal Rc8c4,Re4b1]}
) 22... Qxf6 $19) 20... Qxg5 21. Qf2 (21. h4 Qa5 $17) 21... Bxc3 (21... Qg6 $17
{[%cal Gg6b1]}) 22. bxc3 Ng4 {[%cal Rg4f2,Rg4e3] Schwarz tauscht die einzige
gute weiße Figur, den Läufer e3.} (22... Qa5 23. Rxf6 gxf6 24. Bh6 {[%csl Rg8]
[%cal Rf2g3,Rg3g7]} Qxc3 $17 {[%csl Gc3]}) 23. Qg3 Qb5+ 24. Ka1 Nxe3 25. Qxe3
Rcd8 $19 {Schwarz steht dank seiner drei Mehrbauern auf Gewinn.} 26. Rb1 (26.
Rxd8 Rxd8 $19 {[%csl Ra1][%cal Rd8d1]}) 26... Qe5 {[%csl Ge5][%cal Ge5a1,Rd8d3]
Es droht 27...Rd3.} 27. Bf1 b5 28. Rg4 f5 {[%csl Re4][%cal Ge5e3]} 29. Rg5 Bxe4
{Mit vier Minusbauern gab Weiß auf.} 0-1

[Event "Bahrain"]
[Site "Bahrain"]
[Date "1990.??.??"]
[Round "2"]
[White "Knezevic, Milorad"]
[Black "Smejkal, Jan"]
[Result "1/2-1/2"]
[WhiteElo "2445"]
[BlackElo "2530"]
[Annotator "Ribli,Z"]
[PlyCount "51"]
[EventDate "1990.??.??"]
[EventType "tourn"]
[EventRounds "11"]
[EventCountry "BAH"]
[EventCategory "7"]
[SourceTitle "CBM 020"]
[Source "ChessBase"]
[SourceDate "1991.02.01"]
[SourceVersion "1"]
[SourceVersionDate "1991.02.01"]
[SourceQuality "1"]

1. d4 Nf6 2. c4 c5 3. Nf3 cxd4 4. Nxd4 e6 5. Nc3 Nc6 6. Ndb5 d5 7. Bf4 e5 8.
cxd5 exf4 9. dxc6 bxc6 10. Qxd8+ Kxd8 11. Rd1+ Bd7 12. Nd6 Bxd6 13. Rxd6 Rb8
14. Rd2 Re8 15. g3 f3 $1 16. Kd1 fxe2+ 17. Bxe2 Kc7 18. Bc4 Be6 19. Bxe6 Rxe6
20. Kc2 Rd8 21. Rhd1 Rxd2+ 22. Rxd2 h5 23. h3 Re1 24. Rd1 Re5 25. Rd2 Re1 26.
Rd1 1/2-1/2